000 00891nam a2200277 i 4500
001 bg
003 BPK
005 20211228133802.0
008 020202s2001 pl f f |000 0 pol
020 _a837101449X
040 _cBPK
080 _a004.42
080 _a(07)
100 1 _aMrozek, Bogumiła
_eAutor
245 0 _aMatlab 6 :
_bporadnik użytkownika /
_cBogumiła Mrozek, Zbigniew Mrozek.
260 _aWarszawa :
_bWydaw. PLJ,
_c2001.
300 _a239 s. :
_bil. ;
_c24 cm.
504 _aIndeks.
650 4 _aSimulink (program komputerowy)
655 4 _aPodręcznik
650 4 _aMatlab
700 1 _aMrozek, Zbigniew
_eAutor
856 _uhttp://koha.tu.koszalin.pl/cgi-bin/koha/opac-detail.pl?biblionumber=41499
_yKatalog online BPK
942 _cKS
_2UKD
999 _c41499
_d41499